| 000 | 00528nam a2200133Ia 4500 | ||
|---|---|---|---|
| 008 | 260210s9999 xx 000 0 und d | ||
| 024 | _a16B-084-EL, 16B-066-EL, 16B-137-EL & 16B-147-EL | ||
| 082 | _a004.1675 SAE | ||
| 100 | _aMasabah Saeed, Saniya Mazahir, Syed Ramis Ali & Muhammad Abdul Rehman Javed | ||
| 245 | 0 | _aSecure image transmission through raspberry PI (based on encrypted algorithm) | |
| 260 |
_aKarachi: _bUITU, _c2016 |
||
| 600 | _aTelecommunication Engineering | ||
| 650 | _aBachelor of Engineering (BE) | ||
| 999 |
_c33615 _d33615 |
||